[Event "NK Senioren en Veteranen 2019"]
[Site "Dieren, Netherlands"]
[Date "2019.07.13"]
[Round "1"]
[White "Van Rijn, Anton"]
[Black "Houweling, Bert"]
[Result "1/2-1/2"]
[WhiteElo "2205"]
[BlackElo "2047"]
[PlyCount "178"]
[EventDate "2019.07.13"]

1. d4 Nf6 2. c4 c5 3. d5 e6 4. Nc3 exd5 5. cxd5 d6 6. e4 g6 7. Nf3 Bg7 8. h3
O-O 9. Bd3 a6 10. a4 Re8 11. O-O Nbd7 12. Bf4 Nh5 13. Bg5 Qb6 14. Qc2 Ne5 15.
Be2 Nxf3+ 16. Bxf3 Nf6 17. Rfe1 Nd7 18. Be2 h6 19. Be3 Qd8 20. Bf1 g5 21. Be2
Be5 22. Qd2 Qf6 23. h4 Bf4 24. hxg5 hxg5 25. g3 Bxe3 26. Qxe3 Ne5 27. f3 b6 28.
Kg2 Bd7 29. Rh1 b5 30. Rh5 g4 31. f4 Ng6 32. axb5 axb5 33. Rxa8 Rxa8 34. e5 Re8
35. Ne4 Qe7 36. Qd2 dxe5 37. f5 Nf4+ 38. Kf2 f6 39. d6 Qf7 40. Rh6 Bxf5 41.
Nxf6+ Kg7 42. Nxe8+ Kxh6 43. Nc7 Qh5 44. Qe3 Qh2+ 45. Ke1 Qxe2+ 46. Qxe2 Nxe2
47. Kxe2 Kg6 48. Nxb5 Kf6 49. Nc7 e4 50. Na6 Ke5 51. Nxc5 Kxd6 52. Nb3 Ke5 53.
Ke3 Bc8 54. Nc5 Bf5 55. Na4 Kd5 56. Kf4 Bd7 57. Nc3+ Kc4 58. Nxe4 Be6 59. Ke3
Kb4 60. Kd4 Bc8 61. Nd2 Ba6 62. Ke3 Bc8 63. Kf4 Bd7 64. Ne4 Bc8 65. Nd2 Bd7 66.
Ke4 Bc8 67. Kd3 Bf5+ 68. Ke3 Bc8 69. Ke2 Bd7 70. Kd1 Bf5 71. Kc1 Bd3 72. Kd1
Ka4 73. Ke1 Bf5 74. Kf2 Kb4 75. Ke3 Bc8 76. Kf4 Ka4 77. Ke5 Kb4 78. Kd5 Bf5 79.
Ke5 Bc8 80. Kf4 Ka4 81. Ne4 Kb3 82. Nf6 Kxb2 83. Nxg4 Kc3 84. Ne3 Bh3 85. Ke5
Kd3 86. Nd5 Ke2 87. Kf4 Kf2 88. Ne3 Bc8 89. Ng4+ Kg2 1/2-1/2

[Event "NK Senioren en Veteranen 2019"]
[Site "Dieren, Netherlands"]
[Date "2019.07.13"]
[Round "1"]
[White "Etmans, Maarten"]
[WhiteElo "2032"]
[Black "Homs, Guust"]
[BlackElo "2203"]
[Result "1/2-1/2"]
[EventDate "2019.07.13"]


1. e4 e5 2. Nf3 Nc6 3. c4 Nf6 4. Nc3 Bc5 5. Be2 a6 6. O-O d6 7. d3 h6 8. Nd5
Nd4 9. Be3 Nxf3+ 10. Bxf3 Bxe3 11. fxe3 O-O 12. Qe1 c6 13. Nxf6+ Qxf6 14. Qg3
Qg5 15. Qxg5 hxg5 16. Be2 Be6 17. b3 g6 18. g4 Rfd8 19. Rac1 c5 20. Kg2 Kg7 21.
Rcd1 b5 22. Kg3 bxc4 23. bxc4 Rab8 24. Rb1 Bd7 25. Rb3 Rxb3 26. axb3 Rb8 27.
Ra1 Bc8 1/2-1/2

[Event "NK Senioren en Veteranen 2019"]
[Site "Dieren, Netherlands"]
[Date "2019.07.13"]
[Round "1"]
[White "Van den Berg, Ad"]
[WhiteElo "2170"]
[Black "Van Wageningen, Arie"]
[BlackElo "2015"]
[Result "1/2-1/2"]
[EventDate "2019.07.13"]


1. e4 e6 2. d3 d5 3. Nd2 Nf6 4. Ngf3 Be7 5. g3 c5 6. Bg2 Nc6 7. O-O O-O 8. e5
Nd7 9. Qe2 Qc7 10. Re1 b5 11. h4 a5 12. Nf1 b4 13. Bf4 Qb6 14. N1h2 c4 15. dxc4
Ba6 16. Qd2 Bxc4 17. b3 Ba6 18. h5 Qc5 19. h6 g6 20. Bg5 Rac8 21. Ng4 Bxg5 22.
Qxg5 Qe7 23. Qd2 Qc5 24. Rac1 Rc7 25. c3 Rfc8 26. cxb4 Qxb4 27. Qg5 Qf8 28. Qf4
Nb4 29. Rxc7 Rxc7 30. Nf6+ Nxf6 31. Qxf6 Rd7 32. Nd4 Qxh6 33. Nxe6 fxe6 34.
Qxe6+ Rf7 35. Rd1 Qf8 36. a3 Bc8 37. Qb6 Bg4 38. Rd2 Qc8 39. Qd4 Nc2 40. Qxd5
Be6 41. Rxc2 Qxc2 42. Qxe6 Qxf2+ 43. Kh2 Kg7 44. b4 axb4 45. axb4 h5 46. b5 h4
47. gxh4 Qxh4+ 48. Qh3 Qd4 49. e6 Rf5 50. e7 Qe5+ 51. Kg1 Qxe7 52. Qc3+ Qe5 53.
Qxe5+ Rxe5 54. b6 Rb5 55. b7 Kf6 56. Kf2 Ke5 57. Kg3 Rb3+ 58. Bf3 Kf5 59. Kf2
Kf4 60. Bc6 Rb6 1/2-1/2

[Event "NK Senioren en Veteranen 2019"]
[Site "Dieren, Netherlands"]
[Date "2019.07.13"]
[Round "1"]
[White "Perrenet, Jacob"]
[Black "Van Lanen, Toon"]
[Result "0-1"]
[WhiteElo "2002"]
[BlackElo "2165"]
[PlyCount "50"]
[EventDate "2019.07.13"]

1. Nc3 Nf6 2. g4 Nxg4 3. e4 d5 4. Nxd5 e6 5. Nxc7+ Qxc7 6. Qxg4 Qxc2 7. Bg2 Nc6
8. Nf3 e5 9. Qg3 Qxe4+ 10. Kd1 Bf5 11. Ne1 Qa4+ 12. b3 Qg4+ 13. Bf3 Qd4 14.
Bxc6+ bxc6 15. Qc3 Qd5 16. Rg1 Bc5 17. Nf3 O-O 18. Bb2 f6 19. Rc1 Bxf2 20. Rg2
Bb6 21. Rg3 Be4 22. Ba3 Rfd8 23. Nh4 Rd7 24. Bb4 a5 25. Ba3 Rad8 0-1

[Event "NK Senioren en Veteranen 2019"]
[Site "Dieren, Netherlands"]
[Date "2019.07.13"]
[Round "1"]
[White "Vogel, Jaap"]
[Black "Smeets, Pierre"]
[Result "1/2-1/2"]
[WhiteElo "2119"]
[BlackElo "1998"]
[PlyCount "60"]
[EventDate "2019.07.13"]

1. d4 d5 2. Bf4 c5 3. e3 cxd4 4. exd4 Nc6 5. c3 Bf5 6. Nf3 e6 7. Qb3 Qd7 8.
Nbd2 Rc8 9. a4 a6 10. Be2 Nf6 11. O-O Be7 12. a5 O-O 13. Rfd1 Ne8 14. c4 Bf6
15. Be3 Nd6 16. cxd5 exd5 17. Ne5 Nxe5 18. dxe5 Bxe5 19. Nf3 Bf6 20. Qxd5 Bxb2
21. Ra4 Qxa4 22. Qxd6 Qc6 23. Qf4 Qe4 24. Qd6 Qe6 25. Qb4 Bc3 26. Qxb7 Rfd8 27.
Rxd8+ Rxd8 28. Qb6 Qc8 29. h3 Bd3 30. Bd1 Bc4 1/2-1/2

[Event "NK Senioren en Veteranen 2019"]
[Site "Dieren, Netherlands"]
[Date "2019.07.13"]
[Round "1"]
[White "Hummel, Joop"]
[WhiteElo "1989"]
[Black "Schouten, Nico"]
[BlackElo "2103"]
[Result "0-1"]
[EventDate "2019.07.13"]


1. d4 Nf6 2. c4 g6 3. Nc3 Bg7 4. e4 d6 5. f4 O-O 6. Nf3 c6 7. Bd3 Bg4 8. Be3
Nbd7 9. e5 Ne8 10. O-O c5 11. Qe1 cxd4 12. Bxd4 dxe5 13. fxe5 Nc7 14. Rd1 Ne6
15. Bf2 Bxf3 16. gxf3 Nxe5 17. Be4 Qc8 18. Nd5 Re8 19. f4 Ng4 20. Qb4 Nxf2 21.
Rxf2 Nd4 22. Kh1 Nc6 23. Qa3 e6 24. Nc3 Rd8 25. Rdd2 Bf8 26. Qa4 Bc5 27. Rfe2
Rxd2 28. Rxd2 Be3 29. Rd3 Bxf4 30. c5 Qc7 31. Bxc6 Qxc6+ 32. Qxc6 bxc6 33. Rd7
Be5 34. Nd1 Kf8 35. b3 Ke8 36. Rb7 Bd4 37. Rc7 Bxc5 38. Rxc6 Bd4 0-1

[Event "NK Senioren en Veteranen 2019"]
[Site "Dieren, Netherlands"]
[Date "2019.07.13"]
[Round "1"]
[White "De Graaf, Dick"]
[Black "Sprinkhuizen, Arno"]
[Result "1-0"]
[WhiteElo "2103"]
[BlackElo "1988"]
[PlyCount "99"]
[EventDate "2019.07.13"]

1. e4 c5 2. Nf3 d6 3. d4 cxd4 4. Nxd4 Nf6 5. Nc3 a6 6. h3 e6 7. g4 Be7 8. Be3
O-O 9. Qf3 Qc7 10. Bg2 Nbd7 11. Qg3 Ne5 12. Rd1 Rb8 13. O-O b5 14. f4 Nc4 15.
Bc1 b4 16. Nce2 Bb7 17. Qd3 d5 18. e5 Nd7 19. c3 a5 20. b3 Ncb6 21. cxb4 axb4
22. Bb2 Ra8 23. Qb1 Rfc8 24. Kh1 Nc5 25. Ng3 Nbd7 26. f5 Qxe5 27. fxe6 Nf6 28.
exf7+ Kf8 29. Ndf5 Qc7 30. Nxe7 Qxe7 31. Nf5 Qc7 32. Bxf6 gxf6 33. Nd4 Qxf7 34.
g5 Ra6 35. Rxf6 Rxf6 36. gxf6 Ne4 37. Qb2 Qxf6 38. Kg1 Qb6 39. Bxe4 dxe4 40.
Qf2+ Kg8 41. Qg3+ Qg6 42. Qxg6+ hxg6 43. Kf2 Kh7 44. Ne6 Kh6 45. Ke1 Rc3 46.
Rd8 Rc8 47. Rd4 Rc1+ 48. Kd2 Rf1 49. Rxb4 Rf2+ 50. Ke1 1-0

[Event "NK Senioren en Veteranen 2019"]
[Site "Dieren, Netherlands"]
[Date "2019.07.13"]
[Round "1"]
[White "Huysman, Arie"]
[Black "Van Dorp, Folke"]
[Result "1/2-1/2"]
[WhiteElo "1964"]
[BlackElo "2102"]
[PlyCount "90"]
[EventDate "2019.07.13"]

1. e4 c5 2. Nf3 d6 3. Bb5+ Nd7 4. d4 cxd4 5. Nxd4 a6 6. Be2 Ngf6 7. Nc3 g6 8.
O-O Bg7 9. Be3 O-O 10. f4 Qc7 11. g4 Nb6 12. g5 Nfd7 13. a4 e5 14. Nb3 exf4 15.
Bxf4 Ne5 16. a5 Nbc4 17. Nd5 Qd8 18. Ra2 Be6 19. Qe1 Bxd5 20. exd5 Rc8 21. Qg3
Qd7 22. Qg2 Qb5 23. Kh1 Qb4 24. h4 Nd7 25. Bg4 Rcd8 26. Bc1 Nce5 27. Bf4 Qc4
28. Bd1 Nc5 29. Ra3 Rc8 30. Nd2 Qb4 31. Ra2 Rce8 32. Be2 Ncd7 33. c3 Qc5 34.
Nb3 Qc7 35. Nd2 Nc5 36. b4 Ncd3 37. Bxe5 Nxe5 38. Ne4 Nd7 39. c4 Re5 40. Bd3 h6
41. Raf2 hxg5 42. hxg5 Rxe4 43. Qxe4 Ne5 44. Be2 Qd7 45. Kg2 Re8 1/2-1/2

[Event "NK Senioren en Veteranen 2019"]
[Site "Dieren, Netherlands"]
[Date "2019.07.13"]
[Round "1"]
[White "Bloemhard, Rudy"]
[Black "Gielen, Wim"]
[Result "0-1"]
[WhiteElo "2067"]
[BlackElo "1955"]
[PlyCount "88"]
[EventDate "2019.07.13"]

1. Nf3 f5 2. c4 Nf6 3. g3 e6 4. Bg2 Be7 5. O-O O-O 6. Nc3 d6 7. d4 Ne4 8. Qc2
Nxc3 9. bxc3 Nc6 10. d5 Na5 11. dxe6 Bxe6 12. Nd4 Bxc4 13. Nxf5 Bf6 14. Ne3 Bf7
15. Be4 g6 16. Ng4 Bg7 17. Nh6+ Kh8 18. h4 Be6 19. Kg2 Nc6 20. Bg5 Qd7 21. Rh1
d5 22. Rad1 Ne5 23. h5 Qc6 24. Bxg6 hxg6 25. hxg6 d4+ 26. f3 Nxf3 27. Nf7+ Kg8
28. exf3 Qxc3 29. Qe4 Rae8 30. Qh4 Qc2+ 31. Rd2 Qxg6 32. Nh6+ Bxh6 33. Bxh6 Rf7
34. Qxd4 Rh7 35. Bf4 Rxh1 36. Kxh1 Qh5+ 37. Kg2 Qh3+ 38. Kg1 Bf7 39. Be5 Qf5
40. f4 Qb1+ 41. Kh2 c6 42. Rb2 Qh7+ 43. Kg1 Bd5 44. Rxb7 Qxb7 0-1

[Event "NK Senioren en Veteranen 2019"]
[Site "Dieren, Netherlands"]
[Date "2019.07.13"]
[Round "1"]
[White "Jonkman, Fokke"]
[Black "Boersma, Jan"]
[Result "1/2-1/2"]
[WhiteElo "1924"]
[BlackElo "2051"]
[PlyCount "71"]
[EventDate "2019.07.13"]

1. c4 g6 2. e4 Bg7 3. d4 d6 4. Nc3 Nf6 5. Be2 O-O 6. Bg5 h6 7. Bd2 Nc6 8. d5
Nd4 9. Nf3 c5 10. dxc6 Nxe2 11. cxb7 Bxb7 12. Qxe2 Rc8 13. O-O e6 14. Rac1 d5
15. e5 Ne4 16. b3 Qe7 17. Bf4 g5 18. Bg3 h5 19. h3 Nxg3 20. fxg3 dxc4 21. Ne4
cxb3 22. axb3 Rxc1 23. Rxc1 g4 24. hxg4 hxg4 25. Nfd2 Bxe5 26. Qxg4+ Bg7 27.
Ng5 Qf6 28. Ndf3 Qb2 29. Rc7 Bxf3 30. Qxf3 Qe5 31. Qh5 Qf5 32. g4 Qb1+ 33. Kf2
Qb2+ 34. Kf1 Qb1+ 35. Ke2 Qb2+ 36. Kf1 1/2-1/2

[Event "NK Senioren en Veteranen 2019"]
[Site "Dieren, Netherlands"]
[Date "2019.07.14"]
[Round "2"]
[White "Van Lanen, Toon"]
[Black "De Graaf, Dick"]
[Result "1-0"]
[WhiteElo "2165"]
[BlackElo "2103"]
[PlyCount "75"]
[EventDate "2019.??.??"]

1. e4 d6 2. d4 Nf6 3. Nc3 g6 4. Be3 a6 5. Nf3 b5 6. e5 Ng4 7. Bf4 Bg7 8. Bd3 f6
9. h3 Nh6 10. exf6 exf6 11. Qe2+ Kf7 12. O-O-O Re8 13. Qd2 Ng8 14. Rde1 Rxe1+
15. Rxe1 Ne7 16. Be4 c6 17. Bd3 d5 18. g4 c5 19. dxc5 Nbc6 20. Bd6 Bf8 21. Qf4
Kg7 22. h4 Ra7 23. a3 Qa5 24. Nd4 Nxd4 25. Qxd4 Qd8 26. g5 Nf5 27. gxf6+ Kg8
28. Qxd5+ Rf7 29. Ne4 Bb7 30. Qa2 Bxe4 31. Bxe4 Bh6+ 32. Kb1 Nxd6 33. cxd6 Kf8
34. Bc6 Qxf6 35. d7 Kg7 36. Qe6 Qxh4 37. Qe5+ Kg8 38. Bd5 1-0

[Event "NK Senioren en Veteranen 2019"]
[Site "Dieren, Netherlands"]
[Date "2019.07.14"]
[Round "2"]
[White "Schouten, Nico"]
[Black "Goris, Ton"]
[Result "1/2-1/2"]
[WhiteElo "2103"]
[BlackElo "1903"]
[PlyCount "62"]
[EventDate "2019.??.??"]

1. d4 c5 2. d5 e6 3. dxe6 fxe6 4. e4 d6 5. Nf3 Be7 6. Nc3 Nc6 7. Be2 Nf6 8. O-O
O-O 9. Bg5 a6 10. a4 b6 11. Qd2 Ne8 12. Bxe7 Qxe7 13. Rad1 Bb7 14. Bc4 Rd8 15.
Qg5 Nc7 16. Qg3 Rf6 17. e5 dxe5 18. Nxe5 Nd4 19. Bd3 Nf5 20. Bxf5 Rxf5 21.
Rxd8+ Qxd8 22. Rd1 Nd5 23. Ng4 Kh8 24. Ne3 Rf8 25. Ncxd5 exd5 26. f4 Qf6 27. c3
d4 28. cxd4 cxd4 29. Nc2 Qxf4 30. Qxf4 Rxf4 31. g3 Re4 1/2-1/2

[Event "NK Senioren en Veteranen 2019"]
[Site "Dieren, Netherlands"]
[Date "2019.07.14"]
[Round "2"]
[White "Gielen, Wim"]
[Black "Van Rijn, Anton"]
[Result "0-1"]
[WhiteElo "1955"]
[BlackElo "2205"]
[PlyCount "104"]
[EventDate "2019.??.??"]

1. f4 g6 2. Nf3 Bg7 3. e3 c5 4. Be2 e6 5. O-O Nc6 6. d3 Nge7 7. Nc3 b6 8. e4
O-O 9. e5 d6 10. exd6 Qxd6 11. Ne4 Qd8 12. Qe1 a5 13. Qh4 Nf5 14. Qxd8 Rxd8 15.
g4 Nfd4 16. Nxd4 Nxd4 17. Bd1 Ba6 18. Rf2 Rac8 19. Bd2 Nc6 20. Bc3 Nd4 21. Nd2
Rc7 22. Nf3 Bb7 23. Nxd4 Bxd4 24. Bxd4 Rxd4 25. Be2 Re7 26. Raf1 f5 27. h3 Kg7
28. Kh2 Bc8 29. Kg3 e5 30. fxe5 Rxe5 31. Bf3 f4+ 32. Kg2 g5 33. Re2 Rxe2+ 34.
Bxe2 Rd5 35. Bf3 Re5 36. Rf2 Kf6 37. Be4 h6 38. Kf3 Be6 39. b3 b5 40. Rh2 b4
41. h4 Bf7 42. hxg5+ Kxg5 43. Rg2 Re7 44. Rg1 Be8 45. Rg2 a4 46. Bd5 Re3+ 47.
Kf2 axb3 48. axb3 Bd7 49. Bf3 Rxf3+ 50. Kxf3 Bc6+ 51. Kf2 Bxg2 52. Kxg2 Kxg4
0-1

[Event "NK Senioren en Veteranen 2019"]
[Site "Dieren, Netherlands"]
[Date "2019.07.14"]
[Round "2"]
[White "Homs, Guust"]
[WhiteElo "2203"]
[Black "Huysman, Arie"]
[BlackElo "1964"]
[Result "1/2-1/2"]
[PlyCount "66"]

1. e4 e5 2. Nf3 Nc6 3. Bc4 Nf6 4. d3 Be7 5. c3 O-O 6. O-O d6 7. Re1 Na5 8. Bb5
a6 9. Ba4 b5 10. Bc2 c5 11. Nbd2 Qc7 12. Nf1 Bd7 13. Bg5 h6 14. Bh4 Rfe8 15.
Ne3 Be6 16. h3 g6 17. Bg3 Nh5 18. Bh2 Ng7 19. b3 f5 20. exf5 gxf5 21. d4 e4 22.
dxc5 exf3 23. cxd6 Bxd6 24. Bxd6 Qc6 25. Bf4 fxg2 26. Bxh6 Rad8 27. Qb1 Qf3 28.
Kh2 Rd2 29. Rg1 Rxf2 30. Bd1 Qb7 31. Rxg2 Qc7+ 32. Kg1 Rxg2+ 33. Kxg2 Rd8
1/2-1/2

[Event "NK Senioren en Veteranen 2019"]
[Site "Dieren, Netherlands"]
[Date "2019.07.14"]
[Round "2"]
[White "Houweling, Bert"]
[Black "Van den Berg, Ad"]
[Result "1/2-1/2"]
[WhiteElo "2047"]
[BlackElo "2170"]
[PlyCount "81"]
[EventDate "2019.??.??"]

1. e4 c5 2. Nf3 Nc6 3. d4 cxd4 4. Nxd4 Nf6 5. Nc3 d6 6. Bg5 e6 7. Qd2 a6 8.
O-O-O Bd7 9. Kb1 h6 10. Bh4 (10. Bxf6) 10... Nxe4 11. Nxe4 Qxh4 12. Nxd6+ Bxd6
13. Nxc6 Bxc6 14. Qxd6 Qe7 (14... Qxf2 15. Bxa6) 15. f3 Qxd6 16. Rxd6 Ke7 17.
Rd1 g5 18. Be2 h5 19. h3 g4 20. hxg4 hxg4 21. Kc1 g3 22. Kd2 f5 23. Ke3 e5 24.
f4 Bxg2 25. Rhg1 Rh2 26. fxe5 Rg8 27. Bd3 Be4 28. Bxe4 fxe4 29. Kxe4 Rxc2 30.
Rd3 Rxb2 31. Rdxg3 Rb4+ 32. Kd5 Rb5+ 33. Kd4 Rd8+ 34. Kc4 Rc8+ 35. Kd4 Rb4+ 36.
Kd5 Rd8+ 37. Kc5 Rb5+ 38. Kc4 Rb2 39. Rg7+ Ke6 40. R1g6+ Kxe5 41. Rg5+ 1/2-1/2

[Event "NK Senioren en Veteranen 2019"]
[Site "Dieren, Netherlands"]
[Date "2019.07.14"]
[Round "2"]
[White "Van Wageningen, Arie"]
[Black "Vogel, Jaap"]
[Result "0-1"]
[WhiteElo "2015"]
[BlackElo "2119"]
[PlyCount "146"]
[EventDate "2019.??.??"]

1. Nf3 e6 2. c4 f5 3. Nc3 Nf6 4. g3 Be7 5. Bg2 O-O 6. O-O c6 7. d3 d6 8. e4 e5
9. Qc2 c5 10. Nh4 f4 11. Nf5 g5 12. h4 gxh4 13. gxf4 Bxf5 14. exf5 Nc6 15. fxe5
Nxe5 16. Bg5 h3 17. Bxb7 Kh8 18. f4 Rg8 19. Kh1 Neg4 20. Rae1 h6 21. Bh4 Rg7
22. Re6 Qf8 23. Rfe1 Ng8 24. Bxe7 Nxe7 25. f6 Nxf6 26. Qe2 Nf5 27. Kh2 Rb8 28.
Bf3 Nd4 29. Qf2 Rxb2 30. Qxb2 Nxf3+ 31. Kxh3 Nxe1 32. Ne4 Nxe4 33. Rxh6+ Kg8
34. dxe4 Nd3 35. Qf6 Nxf4+ 36. Kh4 Ng2+ 37. Kh3 Nf4+ 38. Kh4 Ng2+ 39. Kh3 Qxf6
40. Rxf6 Ne3 41. Rxd6 Rc7 42. Kg3 Nxc4 43. Rd8+ Kf7 44. Kf3 Ke7 45. Rd5 Ke6 46.
Ke2 Nd6 47. Ke3 c4 48. Rd1 Nb5 49. Rc1 c3 50. Kd3 Ke5 51. a4 Nd6 52. Rxc3 Rxc3+
53. Kxc3 Nxe4+ 54. Kc4 Kd6 55. Kb5 Kc7 56. Ka6 Kb8 57. Kb5 Kb7 58. a5 a6+ 59.
Kc4 Kc6 60. Kb4 Nd6 61. Ka4 Kc5 62. Ka3 Kb5 63. Ka2 Kxa5 64. Ka3 Kb5 65. Kb3
Ne4 66. Ka2 Kb4 67. Kb2 a5 68. Ka1 Kb3 69. Kb1 a4 70. Ka1 a3 71. Kb1 Nd6 72.
Ka1 Nb5 73. Kb1 Nd4 0-1

[Event "NK Senioren en Veteranen 2019"]
[Site "Dieren, Netherlands"]
[Date "2019.07.14"]
[Round "2"]
[White "Van Dorp, Folke"]
[Black "Jonkman, Fokke"]
[Result "1-0"]
[WhiteElo "2102"]
[BlackElo "1924"]
[PlyCount "91"]
[EventDate "2019.??.??"]

1. e4 c5 2. Nc3 Nc6 3. g3 g6 4. Bg2 Bg7 5. Nge2 e6 6. d3 Nge7 7. Bg5 h6 8. Be3
Nd4 9. O-O O-O 10. Rb1 Kh7 11. b4 Nxe2+ 12. Nxe2 cxb4 13. Rxb4 Nc6 14. Rb1 Qa5
15. f4 d5 16. Qd2 Qxd2 17. Bxd2 dxe4 18. Bxe4 f5 19. Bf3 Nd4 20. Nxd4 Bxd4+ 21.
Kg2 Rb8 22. Rfe1 b6 23. Bc6 Rf6 24. c3 Bc5 25. d4 Bd6 26. c4 Rf7 27. Bc3 Rc7
28. d5 g5 29. c5 Rxc6 30. dxc6 Bxc5 31. Be5 Ra8 32. Red1 Kg6 33. Rd8 Be7 34.
Rg8+ Kf7 35. Rg7+ Ke8 36. Rd1 Bf8 37. Rg8 Kf7 38. Rh8 Ba6 39. Rd7+ Kg6 40. c7
Bb7+ 41. Kf1 Ba6+ 42. Ke1 gxf4 43. gxf4 Bb4+ 44. Kd1 Rxh8 45. Bxh8 Bb7 46. Rd8
1-0

[Event "NK Senioren en Veteranen 2019"]
[Site "Dieren, Netherlands"]
[Date "2019.07.14"]
[Round "2"]
[White "Boersma, Jan"]
[Black "Etmans, Maarten"]
[Result "1-0"]
[WhiteElo "2051"]
[BlackElo "2032"]
[PlyCount "53"]
[EventDate "2019.??.??"]

1. e4 c6 2. c4 d5 3. cxd5 cxd5 4. exd5 Nf6 5. Nc3 Nxd5 6. Nf3 e6 7. d4 Be7 8.
Bd3 Nc6 9. O-O Bf6 10. Be4 O-O 11. Qd3 g6 12. Bh6 Re8 13. Rad1 a6 14. Rfe1 Re7
15. Qd2 b5 16. Bxd5 exd5 17. Qf4 Rxe1+ 18. Rxe1 Be6 19. Nxd5 Bg7 20. Nc7 Bxh6
21. Qxh6 Qxc7 22. Ng5 Nxd4 23. Qxh7+ Kf8 24. Qh8+ Ke7 25. Qxa8 Qa5 26. Qa7+ Ke8
27. Qxf7+ 1-0

[Event "NK Senioren en Veteranen 2019"]
[Site "Dieren, Netherlands"]
[Date "2019.07.14"]
[Round "2"]
[White "Smeets, Pierre"]
[Black "Bloemhard, Rudy"]
[Result "1-0"]
[WhiteElo "1998"]
[BlackElo "2067"]
[PlyCount "59"]
[EventDate "2019.??.??"]

1. d4 d5 2. Nf3 Nf6 3. c4 e6 4. g3 Be7 5. Bg2 O-O 6. Qc2 Nc6 7. O-O Nb4 8. Qb3
c5 9. dxc5 Bxc5 10. Nc3 b6 11. a3 dxc4 12. Qxc4 Ba6 13. Qh4 Nbd5 14. Nxd5 Nxd5
15. Qxd8 Rfxd8 16. Re1 Rac8 17. Bf1 Nf6 18. Bg5 Be7 19. Rac1 h6 20. Bf4 Nd5 21.
e4 Bxf1 22. Kxf1 Nf6 23. e5 Nd5 24. Rxc8 Rxc8 25. Rc1 Rc5 26. Rxc5 Bxc5 27. Bd2
g5 28. g4 Kg7 29. Ke2 Ne7 30. b4 1-0

[Event "NK Senioren en Veteranen 2019"]
[Site "Dieren, Netherlands"]
[Date "2019.07.14"]
[Round "2"]
[White "Sprinkhuizen, Arno"]
[Black "Perrenet, Jacob"]
[Result "0-1"]
[WhiteElo "1988"]
[BlackElo "2002"]
[PlyCount "96"]
[EventDate "2019.??.??"]

1. d4 Nc6 2. e4 d5 3. exd5 Qxd5 4. Nf3 Bg4 5. Be2 O-O-O 6. Be3 e5 7. c3 Nf6 8.
O-O e4 9. Nfd2 Bxe2 10. Qxe2 h5 11. Qc4 Qd7 12. Bg5 Re8 13. Re1 Qf5 14. Bxf6
gxf6 15. Nf1 Qg6 16. Nbd2 Rg8 17. Ne3 f5 18. Qf1 Bh6 19. Ndc4 f4 20. Nd1 f6 21.
g3 e3 22. fxe3 fxg3 23. h3 Nd8 24. Qg2 f5 25. Ne5 Rxe5 26. dxe5 Ne6 27. c4 f4
28. Nc3 fxe3 29. Qe4 Nf4 30. Qxg6 Rxg6 31. Nd5 Nxh3+ 32. Kg2 Nf4+ 33. Nxf4 Bxf4
34. Rh1 Bxe5 35. Rxh5 Re6 36. Rxe5 Rxe5 37. Kxg3 Kd7 38. Kf3 Kc6 39. b4 e2 40.
Re1 b5 41. Rxe2 Rxe2 42. Kxe2 bxc4 43. Kd2 Kb5 44. Kc3 a6 45. a3 Ka4 46. Kxc4
Kxa3 47. b5 a5 48. Kc3 a4 0-1

[Event "NK Senioren en Veteranen 2019"]
[Site "Dieren, Netherlands"]
[Date "2019.07.15"]
[Round "3"]
[White "Vogel, Jaap"]
[WhiteElo "2119"]
[Black "Van Lanen, Toon"]
[BlackElo "2165"]
[Result "1/2-1/2"]
[PlyCount "47"]

1. d4 d5 2. Bf4 e6 3. e3 Bd6 4. Bg3 f5 5. c4 c6 6. Nc3 Nf6 7. Nf3 O-O 8. Bd3
Ne4 9. Qc2 Qe7 10. Bxd6 Qxd6 11. Ne5 Nd7 12. Nxd7 Bxd7 13. f3 Nxc3 14. Qxc3
Rae8 15. c5 Qc7 16. f4 Rf6 17. O-O Kh8 18. Kh1 Rg8 19. b4 g5 20. a4 Rh6 21. b5
Qd8 22. Qe1 Qf6 23. Qf2 Rhg6 24. Rg1 1/2-1/2

[Event "NK Senioren en Veteranen 2019"]
[Site "Dieren, Netherlands"]
[Date "2019.07.15"]
[Round "3"]
[White "Van Rijn, Anton"]
[Black "Boersma, Jan"]
[Result "1-0"]
[WhiteElo "2205"]
[BlackElo "2051"]
[PlyCount "93"]
[EventDate "2019.??.??"]

1. d4 Nf6 2. c4 g6 3. Nc3 Bg7 4. e4 O-O 5. Nf3 d6 6. Be2 c5 7. O-O Re8 8. Re1
cxd4 9. Nxd4 Nbd7 10. Be3 b6 11. Rc1 Bb7 12. f3 a6 13. Qd2 Rc8 14. Red1 e6 15.
Bf1 Bf8 16. Kh1 Rc7 17. b3 Qb8 18. Nde2 Rcc8 19. Nf4 Bc6 20. Nfe2 Bb7 21. Bf4
Ne5 22. Bg5 Ned7 23. Ng3 Be7 24. Bh6 Bc6 25. Bf4 Ne5 26. Nge2 Bf8 27. Nd4 Bb7
28. Bg3 Nh5 29. Bf2 Nf6 30. Na4 Ned7 31. Nc3 Be7 32. Nc2 Bf8 33. Bg3 Ne5 34.
Ne1 Bc6 35. Nd3 Nh5 36. Bf2 Nd7 37. Nb4 Bb7 38. Na4 Qc7 39. Qe3 Nc5 40. Nc3 Bg7
41. g4 Nf6 42. Bg3 Rcd8 43. Nd3 Nxg4 44. fxg4 Bxc3 45. Nxc5 Qxc5 46. Rxc3 f5
47. Bg2 1-0

[Event "NK Senioren en Veteranen 2019"]
[Site "Dieren, Netherlands"]
[Date "2019.07.15"]
[Round "3"]
[White "Smeets, Pierre"]
[Black "Schouten, Nico"]
[Result "1/2-1/2"]
[WhiteElo "1998"]
[BlackElo "2103"]
[PlyCount "55"]
[EventDate "2019.??.??"]

1. Nf3 Nf6 2. c4 c5 3. g3 g6 4. Bg2 Bg7 5. O-O O-O 6. d4 Na6 7. Nc3 d6 8. b3
Bd7 9. Bb2 Bc6 10. d5 Bd7 11. Qd2 Nc7 12. a4 a6 13. e4 b5 14. axb5 axb5 15.
Rxa8 Qxa8 16. e5 Nfe8 17. Ne4 f6 18. Ra1 Qb7 19. e6 Nxe6 20. dxe6 Bc6 21. Nc3
bxc4 22. bxc4 Bxf3 23. Bxf3 Qxf3 24. Nd5 Qg4 25. Nxe7+ Kh8 26. Re1 Qxc4 27. Nd5
Qb5 28. Bc3 1/2-1/2

[Event "NK Senioren en Veteranen 2019"]
[Site "Dieren, Netherlands"]
[Date "2019.07.15"]
[Round "3"]
[White "Goris, Ton"]
[Black "Van Dorp, Folke"]
[Result "1/2-1/2"]
[WhiteElo "1903"]
[BlackElo "2102"]
[PlyCount "79"]
[EventDate "2019.??.??"]

1. d4 Nf6 2. f3 c5 3. dxc5 Qa5+ 4. c3 Qxc5 5. e4 Nc6 6. Nd2 d5 7. Nb3 Qd6 8.
Bg5 Be6 9. Ne2 Rd8 10. Bf4 Qd7 11. Nc5 Qc8 12. Qc2 dxe4 13. fxe4 Bc4 14. Ng3
Bxf1 15. Rxf1 e6 16. Nd3 Be7 17. O-O-O O-O 18. h3 b5 19. Ne5 a5 20. Rxd8 Rxd8
21. Rd1 Rxd1+ 22. Qxd1 Nxe5 23. Bxe5 Qc4 24. b3 Qc6 25. Qd3 Nd7 26. Bf4 a4 27.
Kc2 axb3+ 28. axb3 Nc5 29. Qd4 f5 30. exf5 Qxg2+ 31. Qd2 Qxd2+ 32. Bxd2 Bd6 33.
Ne2 e5 34. c4 bxc4 35. bxc4 Kf7 36. Bb4 Ne4 37. Ng3 Nxg3 38. Bxd6 Nxf5 39. Bxe5
Ke6 40. Bf4 1/2-1/2

[Event "NK Senioren en Veteranen 2019"]
[Site "Dieren, Netherlands"]
[Date "2019.07.15"]
[Round "3"]
[White "Perrenet, Jacob"]
[Black "Homs, Guust"]
[Result "0-1"]
[WhiteElo "2002"]
[BlackElo "2203"]
[PlyCount "66"]
[EventDate "2019.??.??"]

1. Nc3 d5 2. e3 e5 3. Qh5 Nc6 4. Bb5 Qd6 5. Nf3 e4 6. Nd4 Nf6 7. Qe2 Bd7 8.
Bxc6 Bxc6 9. b3 a6 10. Nxc6 Qxc6 11. Bb2 Qe6 12. f3 exf3 13. gxf3 O-O-O 14.
O-O-O Bc5 15. Rhg1 g6 16. Na4 Ba7 17. d4 Rhe8 18. Rge1 Qf5 19. Nc5 Bxc5 20.
dxc5 c6 21. Rd4 Nd7 22. Ba3 Re6 23. Kb1 Rde8 24. e4 dxe4 25. fxe4 Qe5 26. Red1
Nxc5 27. Qd2 Kb8 28. Qa5 Nxe4 29. Rd8+ Ka7 30. R1d5 Nc3+ 31. Kc1 Qe1+ 32. Kb2
Nd1+ 33. Kc1 Qxa5 0-1

[Event "NK Senioren en Veteranen 2019"]
[Site "Dieren, Netherlands"]
[Date "2019.07.15"]
[Round "3"]
[White "Van den Berg, Ad"]
[Black "Hummel, Joop"]
[Result "0-1"]
[WhiteElo "2170"]
[BlackElo "1989"]
[PlyCount "106"]
[EventDate "2019.??.??"]

1. e4 e6 2. d3 d5 3. Nd2 c5 4. Ngf3 Nc6 5. g3 Bd6 6. Bg2 Nge7 7. O-O O-O 8. Re1
Qc7 9. c3 b6 10. Qe2 f6 11. a3 Ba6 12. Bh3 Bc8 13. b4 e5 14. Bxc8 Raxc8 15. b5
Na5 16. c4 dxc4 17. dxc4 Rcd8 18. Rb1 Qd7 19. Nf1 Bb8 20. Bd2 Nb7 21. Kg2 Qd3
22. Qxd3 Rxd3 23. Re3 Rfd8 24. Rxd3 Rxd3 25. a4 Nd6 26. a5 Nxc4 27. axb6 axb6
28. Ra1 Bd6 29. Ra4 Na3 30. Ra6 Bc7 31. Ne3 Nxb5 32. Nc4 Nd6 33. Nxb6 Bxb6 34.
Rxb6 Nxe4 35. Bc1 Rc3 36. Be3 Nd5 37. Rb8+ Kf7 38. Rb7+ Ke6 39. Bd2 Nxd2 40.
Nxd2 Rc2 41. Nf1 g5 42. Rxh7 c4 43. h4 gxh4 44. Rxh4 Kf5 45. Rh8 Ke4 46. Rd8
Re2 47. Rc8 c3 48. Rc4+ Kd3 49. Rc5 Kd4 50. Rc8 c2 51. Kf3 Kd3 52. Rc5 e4+ 53.
Kg2 Nc3 0-1